The cuckoo club (Record no. 2742)

MARC details
000 -LEADER
fixed length control field 00713 a2200217 4500
010 ## - LIBRARY OF CONGRESS CONTROL NUMBER
LC control number ENG-85480
020 ## - INTERNATIONAL STANDARD BOOK NUMBER
Terms of availability 60.00
035 ## - SYSTEM CONTROL NUMBER
System control number EN-69013
037 ## - SOURCE OF ACQUISITION
Source of stock number/acquisition D.B.Act / Pub
082 14 - DEWEY DECIMAL CLASSIFICATION NUMBER
Classification number 882
090 ## - LOCALLY ASSIGNED LC-TYPE CALL NUMBER (OCLC); LOCAL CALL NUMBER (OCLC)
-- 2795
-- 2795
100 1# - MAIN ENTRY--PERSONAL NAME
Personal name Anna, Aringar
245 1# - TITLE STATEMENT
Title The cuckoo club
Statement of responsibility, etc by Aringar Anna compiled and edited by M. S. Venkatachalam and M. Natarajan
260 ## - PUBLICATION, DISTRIBUTION, ETC. (IMPRINT)
Place of publication, distribution, etc Chennai
Date of publication, distribution, etc 2005
Name of publisher, distributor, etc Tamil Arasi Publications
270 ## - ADDRESS
Address 189, T. T. K. Road, Alwarpet
City Chennai
Postal code 600 018
Telephone number 52077009
300 ## - PHYSICAL DESCRIPTION
Extent 114 p.
Dimensions 22 cm (Pbk.)
710 1# - ADDED ENTRY--CORPORATE NAME
Corporate name or jurisdiction name as entry element Venkatachalam, M. S.
710 1# - ADDED ENTRY--CORPORATE NAME
Corporate name or jurisdiction name as entry element Natarajan, M.
942 ## - ADDED ENTRY ELEMENTS (KOHA)
Institution code [OBSOLETE] dpl
Koha item type English Books
Call number prefix 158.1 / SHA
Holdings
Withdrawn status Lost status Source of classification or shelving scheme Damaged status Not for loan Collection code Home library Current library Source of acquisition Cost, normal purchase price Total Checkouts Full call number Barcode Date last seen Copy number Uniform Resource Identifier Cost, replacement price Price effective from Koha item type
    Dewey Decimal Classification   Not For Loan Non-fiction D.B.Act.Division D.B.Act.Division DBAD/PUB 60.00   882 EN-69013 15/09/2008 1 2932 60.00 15/09/2008 English Books

© Delhi Public Library
Hit Counter
free hit counter